| 000 | 00590cas a22002055a 4500 | ||
|---|---|---|---|
| 001 | L138801 | ||
| 008 | 070711d19922002cc mr p 0 a0eng u | ||
| 035 | _a(Sirsi) u138801 | ||
| 041 | 0 | _aeng | |
| 110 | 2 |
_aHong Kong Institute of Surveyors _93136 |
|
| 245 | 0 | 0 | _aSurveying News |
| 260 |
_aHong Kong _bHong Kong Institute of Surveyors _c1992-2002 |
||
| 362 | 0 | _aDecember 1996- | |
| 520 | _aKept for five years | ||
| 554 | _a11 per year | ||
| 651 | 4 | _aHong Kong | |
| 690 | _aMANAGEMENT-BUSINESS MANAGEMENT-PROFESSIONAL PRACTICE | ||
| 785 | 0 | 0 |
_tSurveyors Times _x1818-2542 |
| 942 | _n0 | ||
| 999 |
_c119043 _d119043 |
||